000 00561nam a2200181Ia 4500
999 _c8092
_d8092
003 OSt
005 20201202143300.0
008 190216s9999||||xx |||||||||||||| ||und||
020 _a9789350845899
040 _coclc
082 _a658.40120
_bSIN/R
100 _aSingh, Mukesh Kumar
_97144
245 0 _aResearch Methodology And Techniques In Management /
_cMukesh Kumar Singh
260 _bCentrum Press,
_c2014.
_aNew Delhi:
300 _a320p
650 _aResearch Methodology
942 _cBK
_2ddc
_h658.40120
_iSIN/R
_k658.40120
_mSIN/R